Statistics for Countries by Unique Consecutive Consonants Combinations

Click here to take the quiz!

General Stats

  • This quiz has been taken 506 times
  • The average score is 16 of 36

Answer Stats

HintCountry% Correct
DJDjibouti
95%
CZCzech Republic
94%
BHBhutan
84%
FGAfghanistan
72%
PHPhilippines
72%
BWZimbabwe
72%
CCMorocco
70%
SPSpain
70%
KHKazakhstan
66%
PPPhilippines
62%
TVLatvia
56%
NZTanzania
51%
ZBUzbekistan
50%
PTEgypt
49%
ZSKyrgyzstan
48%
LBAlbania
47%
LTMalta
43%
KRUkraine
42%
HRBahrain
39%
TZSwitzerland
34%
GLBangladesh
33%
SNBosnia and Herzegovina
33%
KMTurkmenistan
33%
NLFinland
32%
NMDenmark
26%
TTSaint Kitts and Nevis
26%
NKSri Lanka
26%
TNVietnam
26%
HTLiechtenstein
24%
RZBosnia and Herzegovina
21%
HSKazakhstan
20%
LVEl Salvador
17%
GDUnited Kingdom
16%
SCMadagascar
12%
RSMarshall Islands
11%
NSLiechtenstein
10%

Score Distribution

Percentile by Number Answered

Percent of People with Each Score

Your Score History

You have not taken this quiz